000 00742nam a2200253 i 4500
001 000032726
003 DO-SdBNP
005 20241003132400.0
007 ta
008 110725s1915 dr 000 0 spa d
040 _aDO-SdBNP
_bspa
_cBNPHU
_erda
049 _aBNPD
082 4 _222
_bL618p
100 1 _aLeroux, Eugenio,
_eautor
_4aut.
_958579
245 1 0 _aPalpitaciones de la vida comunal /
_cEugenio Leroux.
264 _aPuerto Plata, República Dominicana :
_bEditora Ecos del Norte,
_c1915.
300 _a62 páginas ;
_c23 cm.
336 _atexto
_btxt
_2rdacontent
337 _asin mediación
_bn
_2rdamedia
338 _avolumen
_bnc
_2rdacarrier
590 _aInventariado, 2024/BT
910 _aBtavárez
942 _2ddc
_cLBS1
999 _c32217
_d32217